000 00880nam a2200253Ia 4500
003 IN-BaIIA
008 211028s9999 xx s 000 0 eng d
020 _a978-3-642-33595-2 (Print)
020 _a978-3-642-33596-9 (Online)
022 _a1995-6819 (Print)
022 _a1995-6827 (Online)
040 _cIIA Library
100 _aWang, Biao
_939094
245 0 _aMechanics of Advanced Functional Materials
_h[eBook]
260 _aHeidelberg, Berlin
_bSpringer Berlin Heidelberg
_c2013
300 _aOnline resource
490 _aAdvanced Topics in Science and Technology in China
650 _a Classical Mechanics
_91541
650 _a Mathematical Modeling and Industrial Mathematics
_939095
650 _a Optical and Electronic Materials
650 _aPhysics
_973
856 _uhttp://doi.org/10.1007/978-3-642-33596-9
_yClick Here to Access eBook
942 _cEB
999 _c21096
_d21096